Mecánica de taller

Guardat en:
Dades bibliogràfiques
Format: Llibre
Idioma:espanyol
Publicat: Madrid Cultural 1998
Matèries:
Etiquetes: Afegir etiqueta
Sense etiquetes, Sigues el primer a etiquetar aquest registre!

MARC

LEADER 00000nam a2200000 a 4500
001 UCP6959
003 CL-VaPUC
008 991126e19980000SP |||||||||||||||||spa|d
082 0 4 |a 621.9  |b MEC  |2 21 
245 1 0 |a Mecánica de taller 
300 |a v 
942 |c BK 
945 |d 19991126 00:00:00  |a vberengu 
260 |a Madrid  |b Cultural  |c 1998 
500 |a v.1: Materiales 
500 |a  Metrología I 
500 |a v.2: Metrología II 
500 |a  Torno y Fresadora 
500 |a v.3: Prensas 
500 |a v.4: Soldaduras, Uniones 
500 |a  Calderería 
650 7 |a CALDERAS  |2 CL-VaPUC  |9 260947 
650 7 |a CALDERERIA  |2 CL-VaPUC  |9 436298 
650 7 |a FRESADORAS  |2 CL-VaPUC  |9 267305 
650 0 |a Materiales  |9 260800 
650 0 |a Mecánica   |9 260096 
650 7 |a METROLOGIA  |2 CL-VaPUC  |9 271765 
650 0 |a Prensa  |9 258117 
650 0 |a Soldadura  |9 262933 
650 7 |a TORNOS  |2 CL-VaPUC  |9 436299 
583 |a last modification  |c 19991126 00:00:00  |k Rodrigo Vera 
999 |c 284333  |d 284331 
952 |0 0  |1 0  |4 0  |6 621_900000000000000_MEC_1998  |7 0  |8 A  |9 328224  |a BIBMEC  |b BIBMEC  |d 2019-11-20  |h v.1  |i 3582205  |o 621.9 MEC 1998  |p 3582205  |r 2024-01-19  |w 2019-11-20  |y BK  |k MEC 
952 |0 0  |1 0  |4 0  |6 621_900000000000000_MEC_1998  |7 0  |8 A  |9 328225  |a BIBMEC  |b BIBMEC  |d 2019-11-20  |h v.2  |i 3582213  |o 621.9 MEC 1998  |p 3582213  |r 2024-01-19  |w 2019-11-20  |y BK  |k MEC